000
00294nam a22001217a 4500
020
_a
0-538-33530-0
082
_a
621.381 BAD
100
_a
BEDRKHAN,KAMIRAN.S
_9
65414
245
_a
ELECTRONICS PRINCIPLES AND APPLICAITONS
260
_a
USA
_b
SOUTH WESTERN
_c
1984
300
_a
527P
942
_c
BK
999
_c
573632
_d
573632